Spell the Marvel Hero #66 - Statistics

General Stats
  • This quiz has been taken 12 times
  • The average score is 8 of 10
Answer Stats
Picture Answer % Correct
Elektra
100%
Rocket Raccoon
100%
Omega
91%
Viv Vision
91%
Abigail Brand
82%
Legacy (Genis-Vell)
82%
Marvel Boy
82%
Yellowjacket
82%
Blink
73%
Moondragon
64%
No matching quizzes found
Score Distribution
Percent of People with Each Score
Percentile by Number Answered
Your Score History
You have not taken this quiz